Prechodi se mila...

Bibliographic Details
Main Author: Krajčovič, R. (Author)
Format: Article
Language:Slovak

MARC

LEADER 00000nab a2200000uu 4500
001 vtls011515400
003 SK-MaSNL
005 20260303181317.0
008 230704|1966 xo |||||||||||||||||slo|
015 |a SNBRB 
035 |a (urnnbn)urn:nbn:sk:snk:ar-001hfn 
035 |a (uuid)7a2794b5-9a96-4f23-aa24-18c15708618c 
035 |a urn:nbn:sk:snk-abe51k 
040 |a SNKBUCL  |b slo  |c SNKBUCL  |e AACR2 
041 0 |a slo 
044 |a xo  |c SK 
100 1 |a Krajčovič, R.  |4 aut  |9 517190 
245 1 0 |a Prechodi se mila...  |c R. Krajčovič 
773 0 |t Slovenské pohľady  |g Roč. 82, č. 5 (1966), s. 51 
850 |a Slovenská národná knižnica 
852 |a Slovenská národná knižnica 
958 |a OND 
958 |a EUIPO 
958 |a article21 
999 |c 2110921  |d 2112851